Ч. 1: Лампы накаливания; Проектирование и расчет источников света

Bibliografische gegevens
Parent link:Проектирование и расчет источников света: Учебное пособие/ А. Т. Овчаров; Томский политехнический университет. Ч. 1: Лампы накаливания.— , 1974-
Taal:Russisch
Gepubliceerd in: 1974
Onderwerpen:
Formaat: Boek
KOHA link:https://koha.lib.tpu.ru/cgi-bin/koha/opac-detail.pl?biblionumber=53106

MARC

LEADER 00000nam2a2200000 4500
001 53106
005 20231031044439.0
035 |a (RuTPU)RU\TPU\book\55688 
090 |a 53106 
100 |a 20030613d1974 m y0rusy50 ca 
101 0 |a rus 
102 |a RU 
105 |a a j 000zy 
200 0 |a Ч. 1: Лампы накаливания 
210 |d 1974 
215 |a 120 с.  |c ил. 
461 1 |0 (RuTPU)RU\TPU\book\55687  |t Проектирование и расчет источников света  |o Учебное пособие  |f А. Т. Овчаров  |g Томский политехнический университет  |v Ч. 1: Лампы накаливания  |d 1974- 
610 1 |a учебные пособия 
610 1 |a источники света 
610 1 |a лампы накаливания 
610 1 |a проектирование 
610 1 |a расчет 
675 |a 621.321(075.8)  |v 3 
801 1 |a RU  |b 63413507  |c 20030613  |g PSBO 
801 2 |a RU  |b 63413507  |c 20210906  |g PSBO 
900 |a Источники света и световые приборы 
942 |c BK